Muslim History and Civilization: (Record no. 28597)

MARC details
000 -LEADER
fixed length control field 00668nam a22001817a 4500
003 - CONTROL NUMBER IDENTIFIER
control field BDDh-ASL
005 - DATE AND TIME OF LATEST TRANSACTION
control field 20231015030939.0
008 - FIXED-LENGTH DATA ELEMENTS--GENERAL INFORMATION
fixed length control field 220424s2004 -cn||||| |||| 00| 0 eng d
040 ## - CATALOGING SOURCE
Transcribing agency BDDh-ASL
082 ## - DEWEY DECIMAL CLASSIFICATION NUMBER
Classification number 297.03
Item number KAM
100 1# - MAIN ENTRY--PERSONAL NAME
9 (RLIN) 6115
Personal name Karim, Ehsanul
245 10 - TITLE STATEMENT
Title Muslim History and Civilization:
Remainder of title A modern day perspective of the islamic civilization /
260 ## - PUBLICATION, DISTRIBUTION, ETC.
Place of publication, distribution, etc. Canada:
Name of publisher, distributor, etc. Pragmatic Publishings,
Date of publication, distribution, etc. 2008.
300 ## - PHYSICAL DESCRIPTION
Extent 863 p. ;
Dimensions 24 cm.
650 #0 - SUBJECT ADDED ENTRY--TOPICAL TERM
Topical term or geographic name entry element Islamic History (ইসলামের ইতিহাস), Islamic Civilization, ইসলামী সভ্যতা, Isalāmī sabhyatā
9 (RLIN) 5885
650 #0 - SUBJECT ADDED ENTRY--TOPICAL TERM
9 (RLIN) 2977
Topical term or geographic name entry element Civilization
942 ## - ADDED ENTRY ELEMENTS (KOHA)
Source of classification or shelving scheme Dewey Decimal Classification
Koha item type Books
Holdings
Withdrawn status Lost status Source of classification or shelving scheme Damaged status Not for loan Collection code Home library Current library Shelving location Date acquired Source of acquisition Total Checkouts Full call number Barcode Date last seen Copy number Price effective from Koha item type
    Dewey Decimal Classification     Non-fiction Asiatic Society Library Asiatic Society Library Sirajul Islam Collection 04/24/2022 Donated by Prof. Sirajul Islam FRHS   297.03 KAM 116571 04/24/2022 C-1 04/24/2022 Books

Powered by Koha